Planning for employment in Kerala (Record no. 495568)

000 -LEADER
fixed length control field 00352cam a22001097a 4500
008 - FIXED-LENGTH DATA ELEMENTS--GENERAL INFORMATION
fixed length control field 180718b1976 xxu||||| |||| 00| 0 eng d
082 ## - DEWEY DECIMAL CLASSIFICATION NUMBER
Classification number R11x5452 K45pr
100 ## - MAIN ENTRY--PERSONAL NAME
Personal name Bureau of Economics and Statistics
245 ## - TITLE STATEMENT
Title Planning for employment in Kerala
Statement of responsibility, etc. by Bureau of Economics and Statistics
260 ## - PUBLICATION, DISTRIBUTION, ETC.
Place of publication, distribution, etc. Trivandrum
Name of publisher, distributor, etc. Government Press
Date of publication, distribution, etc. 1976
300 ## - PHYSICAL DESCRIPTION
Extent 147p
Holdings
Withdrawn status Lost status Damaged status Not for loan Permanent Location Current Location Date acquired Full call number Barcode Date last seen Price effective from Koha item type
        Indian Institute of Public Administration Indian Institute of Public Administration 2018-08-04 R11x5452 K45pr GG18256 2018-08-04 2018-08-04 GG

Powered by Koha